00885nam a2200241 a 4500999001500000003000900015005001700024008004100041020002700082020003000109040001000139082001500149100002200164245004400186250001200230260004000242300001500282650004600297856006400343942001200407952010300419952012100522 c6083d6083PK-NaQUE20260427121556.0260427b ||||| |||| 00| 0 eng d a0849375673 (hardcover) a9780849375675 (hardcover) cQUEST a621.319BRO1 aBrown, Richard E.10aElectric Power Distribution Reliability a2nd ed. aNew YorkbMarcel Dekkar, Incc2002. aX,365 p. ; aElectric power distribution--Reliability  uhttp://10.10.170.122:8080/browse/book/29642yDownload eBook cBK2ddc 001040708REFaREFbREFd2014-06-11l0o621.319BRO (Shelf -48E)p26568r2014-06-11 00:00:00yBK 00102ddc4070aREFbREFcREFd2014-06-16l0o621.31913BRO (Shelf -48E)p25862r2026-04-27 00:00:00w2026-04-27yBK